00558nam a2200181Ia 450000500170000000800410001704000190005804100120007708200200008910000170010924501190012626000240024530000110026950400190028065000370029965100300033685000100036620230315135256.0131103s9999 xx 000 0 und d aLoreto College aEnglish a822.33bSHA-VYV aVyvyan, John aShakespeare and the rose of loveb a study of the early plays in relation to the Medieval philosophy cJohn Vyvyan aLondonbChatoc1960 a200p.  aIncludes index aShakespeare, William - criticism aEnglish drama - criticism aLCLIB